[Event "?"]
[Site "?"]
[Date "2007.02.12"]
[Round "1.1"]
[White "Hassenrück, Helmut"]
[Black "Talarski, Joachim"]
[Result "1-0"]
[WhiteElo "2165"]
[BlackElo "1686"]
[PlyCount "111"]
[EventDate "2007.??.??"]

1. d4 Nf6 2. Nf3 g6 3. c4 Bg7 4. Nc3 d5 5. cxd5 Nxd5 6. e4 Nxc3 7. bxc3 O-O 8.
Be2 c5 9. O-O b6 10. Bg5 h6 11. Be3 Nd7 12. Qd2 Kh7 13. Rad1 Bb7 14. e5 e6 15.
Qb2 Qc7 16. Nd2 Rfd8 17. Nc4 Bf8 18. Qc1 Ba6 19. Rfe1 cxd4 20. cxd4 Rac8 21.
Nb2 Qxc1 22. Bxc1 Bxe2 23. Rxe2 Ba3 24. Nd3 Bxc1 25. Nxc1 Rc7 26. f4 Rdc8 27.
Nb3 Rc2 28. Rxc2 Rxc2 29. d5 exd5 30. Rxd5 Nc5 31. Rd2 Rxd2 32. Nxd2 b5 33. Kf2
Nd3+ 34. Ke3 Nc1 35. a3 Kg7 36. Nf3 Kf8 37. Nd4 a6 38. Kd2 Na2 39. Kc2 b4 40.
Kb3 Nc1+ 41. Kxb4 Nd3+ 42. Ka5 Nxf4 43. Kxa6 Nd3 44. Nf3 Ke7 45. a4 Kd7 46. Kb5
Kc7 47. a5 g5 48. Kc4 Nf4 49. g3 Ne6 50. Nd4 Nd8 51. g4 Kb7 52. Kb5 Ka7 53.
Nc6+ Nxc6 54. Kxc6 Ka6 55. Kd6 Kxa5 56. Ke7 1-0

[Event "?"]
[Site "?"]
[Date "2007.02.12"]
[Round "1.2"]
[White "Werner, Lutz"]
[Black "Graw, Christopher"]
[Result "0-1"]
[WhiteElo "1644"]
[BlackElo "2164"]
[PlyCount "42"]
[EventDate "2007.??.??"]

1. Nf3 d5 2. d4 c6 3. c4 e6 4. c5 b6 5. b4 a5 6. Bd2 axb4 7. Bxb4 Na6 8. Bc3
bxc5 9. e3 Nf6 10. Be2 Ne4 11. O-O Qc7 12. Qc2 Be7 13. Nbd2 Nxc3 14. Qxc3 O-O
15. Rfb1 Bd7 16. Bxa6 Rxa6 17. dxc5 Rfa8 18. e4 Rxa2 19. Rxa2 Rxa2 20. e5 f6
21. Qe3 Ra7 0-1

[Event "?"]
[Site "?"]
[Date "2007.02.12"]
[Round "1.3"]
[White "Mroczek, Mathias"]
[Black "Brennscheidt, Raymund"]
[Result "1-0"]
[WhiteElo "2158"]
[BlackElo "1991"]
[PlyCount "80"]
[EventDate "2007.??.??"]

1. Nf3 Nf6 2. g3 d6 3. d4 Nbd7 4. c4 e6 5. Bg2 Be7 6. O-O c6 7. Qc2 O-O 8. Nc3
h6 9. e4 e5 10. Rd1 Qc7 11. h3 Nh7 12. Be3 exd4 13. Nxd4 Ne5 14. b3 Rd8 15. f4
Ng6 16. Qf2 Qa5 17. Rac1 Qh5 18. g4 Qh4 19. Nf5 Qxf2+ 20. Kxf2 Bxf5 21. exf5
Nh4 22. Bh1 g6 23. fxg6 fxg6 24. Kg3 Rf8 25. Bd4 Nf6 26. Re1 Rae8 27. Bxa7 Bd8
28. Rxe8 Rxe8 29. Bf2 g5 30. fxg5 hxg5 31. Re1 Rf8 32. Be3 Ba5 33. Rc1 d5 34.
Bxg5 Ng6 35. cxd5 Bc7+ 36. Kg2 cxd5 37. Rf1 d4 38. Rxf6 dxc3 39. Rxg6+ Kh7 40.
Rf6 Rxf6 1-0

[Event "?"]
[Site "?"]
[Date "2007.02.12"]
[Round "1.4"]
[White "Ebersbach, Hans Joachim"]
[Black "Leveikina, Jevgenija"]
[Result "0-1"]
[WhiteElo "1580"]
[BlackElo "2040"]
[PlyCount "38"]
[EventDate "2007.??.??"]

1. e4 e5 2. Nf3 Nc6 3. Bc4 Be7 4. c3 Nf6 5. d3 d6 6. Be3 O-O 7. Nbd2 Ng4 8. O-O
Kh8 9. b4 f5 10. exf5 Bxf5 11. Qe2 Nxe3 12. Qxe3 d5 13. Bb3 d4 14. cxd4 exd4
15. Qe2 Bxb4 16. Rfe1 Bg4 17. Red1 Bxd2 18. Rxd2 Bxf3 19. gxf3 Ne5 0-1

[Event "?"]
[Site "?"]
[Date "2007.02.12"]
[Round "1.5"]
[White "Ritter, Uwe"]
[Black "Diekhans, Christoph"]
[Result "1/2-1/2"]
[WhiteElo "2084"]
[BlackElo "1572"]
[PlyCount "64"]
[EventDate "2007.??.??"]

1. e4 e6 2. d4 b6 3. Nc3 Bb7 4. Nf3 Bb4 5. Bd3 Nf6 6. Bg5 h6 7. Bxf6 Qxf6 8.
O-O Bxc3 9. bxc3 O-O 10. Nd2 d6 11. f4 Nd7 12. e5 dxe5 13. fxe5 Qg5 14. Qe2 c5
15. Ne4 Bxe4 16. Qxe4 f5 17. exf6 Nxf6 18. Qxe6+ Kh8 19. Rae1 Rae8 20. Rxf6 (
20. Qxe8 $3 Rxe8 21. Rxe8+ Ng8 22. Rff8) 20... gxf6 21. Qxe8 Rxe8 22. Rxe8+ Kg7
23. Re7+ Kf8 24. Rxa7 cxd4 25. cxd4 Qe3+ 26. Kf1 Qxd4 27. h3 Qf4+ 28. Ke2 Qe5+
29. Kf3 Qh5+ 30. Kf2 Qh4+ 31. Ke2 Qh5+ 32. Ke1 Qe5+ 1/2-1/2

[Event "?"]
[Site "?"]
[Date "2007.02.12"]
[Round "1.6"]
[White "Ponto, Michael"]
[Black "Wiechen, Ulrich"]
[Result "0-1"]
[WhiteElo "1566"]
[BlackElo "2171"]
[PlyCount "108"]
[EventDate "2007.??.??"]

1. d4 Nf6 2. Nf3 d5 3. e3 Bf5 4. Bd3 g6 5. O-O Nc6 6. a3 Qd6 7. c4 dxc4 8. Bxc4
Bg7 9. Nc3 a6 10. b4 b5 11. Bb3 O-O 12. Bb2 Ne4 13. Nxe4 Bxe4 14. Qe2 e6 15.
Rac1 Bxf3 16. Qxf3 Ne7 17. Rc5 c6 18. Rfc1 a5 19. Bc3 a4 20. Ba2 Rad8 21. g3 h6
22. g4 Kh8 23. Qe4 Nd5 24. Be1 f5 25. Qg2 Rc8 26. gxf5 Rxf5 27. Kh1 Rg5 28. Qh3
Rh5 29. Qg2 Qf8 30. Bxd5 exd5 31. f4 Qe8 32. Bd2 Bf8 33. R5c2 g5 34. Re1 Bd6
35. e4 dxe4 36. Qxe4 Qxe4+ 37. Rxe4 gxf4 38. Bxf4 Bxf4 39. Rxf4 Kg7 40. Rg2+
Rg5 41. Rgf2 Rc7 42. Rf6 Re7 43. R6f4 Re1+ 44. Rf1 Rxf1+ 45. Rxf1 Rg4 46. Rg1
Rg6 47. Rf1 h5 48. Rf5 h4 49. d5 h3 50. dxc6 Rxc6 51. Kg1 Rc3 52. Rg5+ Kf6 53.
Rg3 Rxg3+ 54. hxg3 Kg5 {
Hier hatte Michael Ponto mit Kh1 eine Remisstellung erreicht!} 0-1

[Event "?"]
[Site "?"]
[Date "2007.02.12"]
[Round "1.7"]
[White "Fischoeder, Heiko"]
[Black "Schreck, Peter"]
[Result "1-0"]
[WhiteElo "1966"]
[BlackElo "1550"]
[PlyCount "79"]
[EventDate "2007.??.??"]

1. e4 d5 2. exd5 Nf6 3. d4 Qxd5 4. Nc3 Qd6 5. h3 a6 6. Nf3 Nc6 7. a3 e5 8. dxe5
Nxe5 9. Qe2 Nfd7 10. Nxe5 Qxe5 11. Bf4 Qxe2+ 12. Bxe2 c6 13. O-O-O Nf6 14. Rhe1
Be6 15. Bc4 Bc5 16. Bxe6 fxe6 17. Rxe6+ Kf7 18. Re2 Rhe8 19. Rxe8 Rxe8 20. f3
Kg6 21. b4 Kf5 22. Bd2 Bd4 23. g4+ Kg6 24. Re1 Rxe1+ 25. Bxe1 h5 26. Ne2 Be3+
27. Bd2 Nd5 28. c4 Bxd2+ 29. Kxd2 Nf6 30. Nf4+ Kg5 31. Ne6+ Kh4 32. Nxg7 hxg4
33. hxg4 Kg3 34. Ke3 Nd7 35. Nf5+ Kh3 36. g5 Ne5 37. Kf4 Ng6+ 38. Ke4 Kg2 39.
Nd6 b6 40. f4 1-0

[Event "?"]
[Site "?"]
[Date "2007.02.12"]
[Round "1.9"]
[White "Schwarz, Ingo"]
[Black "Rubbert, Horst"]
[Result "1-0"]
[WhiteElo "1987"]
[BlackElo "1527"]
[PlyCount "95"]
[EventDate "2007.??.??"]

1. e4 c5 2. Bc4 e6 3. Qe2 d6 4. f4 Nc6 5. Nf3 Nf6 6. Bb3 Qc7 7. c3 Be7 8. Bc2
O-O 9. e5 dxe5 10. fxe5 Nd7 11. d4 cxd4 12. cxd4 Nb4 13. Nc3 Nxc2+ 14. Qxc2 b5
15. Qe2 Ba6 16. Ne4 Qc4 17. Qxc4 bxc4 18. Bd2 Nb6 19. Nc3 Rfd8 20. O-O-O Nd5
21. a3 Rab8 22. Nxd5 exd5 23. Bc3 Bc8 24. h3 Bf5 25. Nd2 Rb7 26. g4 Bd3 27. h4
Rdb8 28. g5 Rb6 29. Rh3 Bf5 30. Rg3 Ra6 31. Rdg1 Bg6 32. Rh1 Bb4 33. h5 Bf5 34.
Rhg1 Bd3 35. Rxd3 cxd3 36. axb4 Ra1+ 37. Nb1 Rb6 38. Kd2 a5 39. bxa5 Rb3 40.
Re1 Kf8 41. Kxd3 Rxa5 42. Nd2 Rxc3+ 43. bxc3 Ke7 44. Rf1 Ra3 45. g6 hxg6 46.
hxg6 fxg6 47. Rf4 Ra6 48. Nf3 1-0

[Event "?"]
[Site "?"]
[Date "2007.02.12"]
[Round "1.10"]
[White "Rubach, Martin"]
[Black "Wolff, Christoph"]
[Result "0-1"]
[WhiteElo "1516"]
[BlackElo "2112"]
[PlyCount "68"]
[EventDate "2007.??.??"]

1. Nf3 Nf6 2. b3 g6 3. Bb2 Bg7 4. e3 O-O 5. Be2 c5 6. c4 Nc6 7. O-O d6 8. d4
cxd4 9. exd4 d5 10. Nbd2 e6 11. Qc2 Nh5 12. c5 Nf4 13. Rfe1 Nxe2+ 14. Rxe2 b6
15. Ne5 Nxe5 16. dxe5 Ba6 17. Ree1 Rc8 18. b4 bxc5 19. bxc5 Qc7 20. Rac1 Rfd8
21. Qa4 Bh6 22. f4 Qb7 23. Ba1 Bb5 24. Qb4 Qa6 25. a3 Rb8 26. Rb1 Bc6 27. Qxb8
Rxb8 28. Rxb8+ Kg7 29. Rb3 Bxf4 30. Nf3 Qa5 31. Rc3 Qa4 32. g3 d4 33. Rd3 Be3+
34. Kg2 Qc2+ 0-1

[Event "?"]
[Site "?"]
[Date "2007.02.12"]
[Round "1.11"]
[White "Vlatten, Andre"]
[Black "Heuser, Johannes"]
[Result "1-0"]
[WhiteElo "2056"]
[BlackElo "1503"]
[PlyCount "81"]
[EventDate "2007.??.??"]

1. e4 c5 2. Nf3 Nc6 3. Nc3 e6 4. d4 cxd4 5. Nxd4 Be7 6. Be2 Nf6 7. O-O O-O 8.
Be3 d5 9. exd5 exd5 10. Kh1 Re8 11. Bg5 h6 12. Bf4 a6 13. Bf3 Bc5 14. Nb3 Ba7
15. Nxd5 Nxd5 16. Bxd5 Nb4 17. Bf3 Qxd1 18. Raxd1 Nxc2 19. Bg3 Nb4 20. a3 Nc6
21. Rd6 Bb8 22. Rxc6 Bxg3 23. hxg3 bxc6 24. Bxc6 Be6 25. Bxa8 Bxb3 26. Bf3 Rd8
27. Re1 Rd2 28. Re2 Rxe2 29. Bxe2 a5 30. Kg1 Kf8 31. Kf1 Ke7 32. Ke1 Kd6 33.
Bd1 Bxd1 34. Kxd1 a4 35. Kd2 f5 36. Kc3 Kc5 37. b3 axb3 38. Kxb3 g5 39. Kc3 f4
40. gxf4 gxf4 41. Kd3 1-0

[Event "?"]
[Site "?"]
[Date "2007.02.12"]
[Round "1.12"]
[White "Engwald, Siegfried"]
[Black "Renk, Christoph"]
[Result "0-1"]
[WhiteElo "1469"]
[BlackElo "1817"]
[PlyCount "38"]
[EventDate "2007.??.??"]

1. c4 Nf6 2. Nc3 e5 3. g3 Bb4 4. Bg2 Bxc3 5. bxc3 d6 6. d4 Qe7 7. Rb1 O-O 8.
Bxb7 Bxb7 9. Rxb7 exd4 10. Qxd4 Nc6 11. Qe3 Qd7 12. Nf3 Rfe8 13. Qd3 Ne5 14.
Nxe5 Rxe5 15. Qf3 Rae8 16. Be3 Ng4 17. Kd2 Qe6 18. Rxc7 Nxe3 19. fxe3 Rxe3 0-1

[Event "?"]
[Site "?"]
[Date "2007.02.12"]
[Round "1.15"]
[White "Göldenboog, Jürgen"]
[Black "Picker, Andre"]
[Result "1-0"]
[WhiteElo "2016"]
[BlackElo "1397"]
[PlyCount "113"]
[EventDate "2007.??.??"]

1. d4 d5 2. c4 Nf6 3. cxd5 Qxd5 4. Nf3 Nc6 5. Nc3 Qd8 6. d5 Nb8 7. e4 a6 8. Ne5
e6 9. Qa4+ Bd7 10. Qb3 Qc8 11. Bg5 Be7 12. Be2 c6 13. Nxd7 Qxd7 14. dxe6 fxe6
15. Rd1 Qc8 16. Bc4 Kf7 17. f4 b5 18. Be2 Nbd7 19. Bxf6 Bxf6 20. e5 Nc5 21. Qc2
Be7 22. O-O g6 23. b4 Nb7 24. Ne4 Bxb4 25. Nf6 Rd8 26. Rxd8 Qxd8 27. Rd1 Qb6+
28. Kf1 Rd8 29. Nxh7 Be7 30. Bd3 Rg8 31. Be4 Nc5 32. Ng5+ Bxg5 33. fxg5 Nxe4
34. Qxe4 Ke7 35. Qb4+ Ke8 36. Qd4 Rf8+ 37. Ke2 Qxd4 38. Rxd4 Rf5 39. Rd6 Rxe5+
40. Kf3 c5 41. Rxa6 c4 42. h4 c3 43. Rc6 b4 44. Rc4 Rb5 45. g4 b3 46. axb3 Rxb3
47. Ke4 Kd7 48. h5 gxh5 49. gxh5 c2 50. Rxc2 Rb4+ 51. Ke5 Rg4 52. Kf6 Rf4+ 53.
Kg7 Ke7 54. g6 Rd4 55. h6 Rd7 56. h7 Ke8+ 57. Kf6 1-0

[Event "?"]
[Site "?"]
[Date "2007.02.12"]
[Round "1.18"]
[White "Diekhans, Georg"]
[Black "Matrisch, Gerd"]
[Result "0-1"]
[WhiteElo "1329"]
[BlackElo "2006"]
[PlyCount "70"]
[EventDate "2007.??.??"]

1. e4 e5 2. Bc4 Nf6 3. Nf3 Nc6 4. Nc3 Bb4 5. d3 h6 6. a3 Bxc3+ 7. bxc3 O-O 8.
Bb5 Re8 9. Bxc6 bxc6 10. h3 d5 11. Nd2 Ba6 12. Bb2 Rb8 13. Rb1 Qe7 14. Qc1 Rb6
15. f3 Reb8 16. O-O Nh5 17. Nb3 Nf4 18. Rf2 Bxd3 19. a4 Ne2+ 20. Rxe2 Bxe2 21.
Ba3 Qh4 22. Bc5 R6b7 23. Ra1 dxe4 24. Bf2 Qf6 25. fxe4 Rd8 26. Qe3 Rd1+ 27.
Rxd1 Bxd1 28. Qd3 Qd6 29. Qa6 Rb8 30. Qxa7 Qd8 31. Qe3 Bxc2 32. Nc5 Bxa4 33.
Qg3 Rb1+ 34. Kh2 Bb5 35. Qxe5 Qd6 0-1

[Event "?"]
[Site "?"]
[Date "2007.02.12"]
[Round "1.19"]
[White "Distelrath, Oliver"]
[Black "Horneberg, Heinz"]
[Result "1-0"]
[WhiteElo "1980"]
[BlackElo "1326"]
[PlyCount "86"]
[EventDate "2007.??.??"]

1. d4 d5 2. Nf3 e6 3. g3 Nf6 4. Bg2 Nbd7 5. O-O Be7 6. c4 c6 7. Nc3 O-O 8. Re1
Re8 9. Qc2 Nf8 10. Bg5 dxc4 11. e4 N6d7 12. Bxe7 Qxe7 13. Rad1 Ng6 14. a4 Qf8
15. h4 Nf6 16. e5 Nd5 17. Ne4 b5 18. axb5 cxb5 19. h5 Nge7 20. Nd6 Nb4 21. Qe4
Ned5 22. Nxe8 Qxe8 23. Ng5 g6 24. hxg6 fxg6 25. Qh4 Qe7 26. Kh2 Bb7 27. Rh1 Nd3
28. Kg1 h5 29. g4 N3f4 30. Bf3 Rf8 31. gxh5 Rf5 32. Ne4 Qxh4 33. Rxh4 Nxh5 34.
Bxh5 gxh5 35. Ng3 Rg5 36. Kh2 Kf7 37. Ne4 Kg6 38. Nxg5 Kxg5 39. Kg3 Ne7 40. Rg1
Nf5+ 41. Kh3+ Kh6 42. Rf4 a5 43. Rxf5 exf5 1-0

[Event "?"]
[Site "?"]
[Date "2007.02.12"]
[Round "1.20"]
[White "Gallmeister, Christian"]
[Black "Barth, Hans-Joachim"]
[Result "0-1"]
[WhiteElo "1318"]
[BlackElo "1811"]
[PlyCount "31"]
[EventDate "2007.??.??"]

1. d4 Nf6 2. Nf3 g6 3. Bf4 Bg7 4. Nbd2 c5 5. c3 b6 6. e4 O-O 7. Bd3 Bb7 8. d5
d6 9. h3 e6 10. Bg5 exd5 11. exd5 Qe7+ 12. Qe2 Qxe2+ 13. Kxe2 Nxd5 14. Rhe1 h6
15. Kf1 hxg5 16. Be4 0-1

[Event "?"]
[Site "?"]
[Date "2007.02.12"]
[Round "1.21"]
[White "Müller-Kreth, Kai"]
[Black "Nadolny, Gregor"]
[Result "1-0"]
[WhiteElo "1796"]
[BlackElo "1313"]
[PlyCount "47"]
[EventDate "2007.??.??"]

1. e4 e6 2. d4 d5 3. exd5 exd5 4. Bf4 Nc6 5. Nf3 Bd6 6. Bxd6 Qxd6 7. c3 Bg4 8.
Nbd2 Nge7 9. Bd3 Ng6 10. Qe2+ Qe7 11. Qxe7+ Ncxe7 12. g3 c6 13. O-O-O f5 14.
Rde1 O-O 15. h3 Bxf3 16. Nxf3 Rae8 17. Re2 f4 18. g4 Kf7 19. Rhe1 b6 20. h4 Nh8
21. Bxh7 Neg6 22. Ng5+ Kf6 23. Rxe8 Nxh4 24. Rxf8+ 1-0

[Event "?"]
[Site "?"]
[Date "2007.02.12"]
[Round "1.22"]
[White "Dieterle, Frank"]
[Black "Thiemann, Sebastian"]
[Result "0-1"]
[WhiteElo "1287"]
[BlackElo "1788"]
[PlyCount "62"]
[EventDate "2007.??.??"]

1. f4 d5 2. Nf3 Nf6 3. e3 c5 4. b3 g6 5. Bb2 Bg7 6. Nc3 Nc6 7. Bb5 a6 8. Bxc6+
bxc6 9. Ne5 Qd6 10. O-O O-O 11. Qe1 Rb8 12. Rc1 c4 13. Na4 Be6 14. d4 Ne4 15.
Nc3 Nxc3 16. Qxc3 f6 17. Nf3 Qb4 18. Qxb4 Rxb4 19. Ba3 Rb7 20. Rb1 Rfb8 21. b4
Bf5 22. Rb2 a5 23. c3 Bf8 24. Nh4 Bd3 25. Rff2 e6 26. g4 axb4 27. Bxb4 Bxb4 28.
cxb4 Rxb4 29. Rxb4 Rxb4 30. Kg2 c3 31. a3 Rb2 0-1

[Event "?"]
[Site "?"]
[Date "2007.02.12"]
[Round "1.25"]
[White "Wiesemann, Peter"]
[Black "Effenberg, Michael"]
[Result "1-0"]
[WhiteElo "1746"]
[BlackElo "953"]
[PlyCount "99"]
[EventDate "2007.??.??"]

1. d4 d5 2. c4 e6 3. Nf3 Nf6 4. Bg5 c5 5. e3 Nc6 6. Nc3 Be7 7. dxc5 Bxc5 8.
cxd5 exd5 9. Bxf6 Qxf6 10. Qxd5 Bb4 11. Qe4+ Be6 12. Rc1 O-O 13. Bd3 g6 14. a3
Bf5 15. Qc4 Bxd3 16. Qxd3 Rad8 17. Qe2 Bxc3+ 18. Rxc3 Ne5 19. Nd4 Rc8 20. Qc2
Nc6 21. Nxc6 Rxc6 22. Rxc6 Qxc6 23. Qxc6 bxc6 24. Kd2 Kg7 25. Rc1 Rc8 26. b4 a6
27. Rc3 Kf6 28. Rd3 Ke6 29. Rc3 Kd6 30. Rc5 f6 31. e4 Rb8 32. Ra5 Ra8 33. Ke3
Kc7 34. f4 Kb6 35. e5 Re8 36. g4 fxe5 37. Rxe5 Rd8 38. f5 Kc7 39. Kf4 Kd6 40.
f6 h6 41. h4 Rf8 42. g5 h5 43. Re7 Kd5 44. Rg7 Kc4 45. Rxg6 Kb3 46. Rg7 Kxa3
47. Ra7 Kxb4 48. Rxa6 c5 49. g6 c4 50. g7 1-0

[Event "?"]
[Site "?"]
[Date "2007.02.12"]
[Round "1.26"]
[White "Winkels, Sabrina"]
[Black "Janke, Anatoli"]
[Result "0-1"]
[WhiteElo "928"]
[BlackElo "1800"]
[PlyCount "32"]
[EventDate "2007.??.??"]

1. e4 d6 2. d4 g6 3. Nf3 Bg7 4. Nc3 c6 5. Bd3 Bg4 6. h3 Bxf3 7. Qxf3 Bxd4 8.
O-O e6 9. Re1 Nd7 10. Be3 Bg7 11. Rad1 Ngf6 12. Bg5 Qc7 13. Bxf6 Bxf6 14. Bf1
O-O 15. Qe2 d5 16. f3 Bh4 0-1

[Event "?"]
[Site "?"]
[Date "2007.02.26"]
[Round "2.1"]
[White "Matrisch, Gerd"]
[Black "Hassenrück, Helmut"]
[Result "0-1"]
[WhiteElo "2006"]
[BlackElo "2165"]
[PlyCount "42"]
[EventDate "2007.??.??"]

1. e4 e5 2. Bc4 Nf6 3. d4 exd4 4. Nf3 Nc6 5. O-O Nxe4 6. Re1 d5 7. Bxd5 Qxd5 8.
Nc3 Qh5 9. Nxe4 Be6 10. Neg5 O-O-O 11. Nxe6 fxe6 12. Rxe6 Bd6 13. Qe2 d3 14.
Qe4 Ne5 15. g4 Nxf3+ 16. Qxf3 Qxh2+ 17. Kf1 dxc2 18. Be3 Bb4 19. Ke2 Rhf8 20.
Qe4 Rxf2+ 21. Bxf2 Rd2+ 0-1

[Event "?"]
[Site "?"]
[Date "2007.02.26"]
[Round "2.2"]
[White "Graw, Christopher"]
[Black "Scheibe, Werner"]
[Result "1/2-1/2"]
[WhiteElo "2164"]
[BlackElo "1850"]
[PlyCount "90"]
[EventDate "2007.??.??"]

1. d4 Nf6 2. c4 e6 3. Nc3 d5 4. cxd5 exd5 5. Bg5 c6 6. e3 Nbd7 7. Qc2 h6 8. Bh4
Qa5 9. Bd3 Be7 10. Nge2 O-O 11. O-O Re8 12. a3 Bd6 13. Rfc1 a6 14. Bg3 Bxg3 15.
Nxg3 Qd8 16. Re1 Nf8 17. Na4 Ne6 18. b4 b5 19. Nb2 Bd7 20. Bf5 g6 21. Bxe6 Rxe6
22. Nd3 Ne8 23. Nc5 Re7 24. a4 Nd6 25. f3 Nc4 26. e4 Be6 27. axb5 axb5 28. Rxa8
Qxa8 29. exd5 cxd5 30. Nxe6 Rxe6 31. Rxe6 Qa1+ 32. Nf1 Qxd4+ 33. Kh1 fxe6 34.
Qxg6+ Kf8 35. Qxe6 Qf2 36. Qxh6+ Kf7 37. Qh7+ Kf8 38. Qd3 d4 39. Qf5+ Kg7 40.
Qg5+ Kf7 41. Qd5+ Kg7 42. Qd7+ Kf6 43. Qc6+ Ke7 44. Qe4+ Kf8 45. Qf4+ Ke8
1/2-1/2

[Event "?"]
[Site "?"]
[Date "2007.02.26"]
[Round "2.5"]
[White "Wiechen, Ulrich"]
[Black "Müller-Kreth, Kai"]
[Result "1-0"]
[WhiteElo "2171"]
[BlackElo "1796"]
[PlyCount "73"]
[EventDate "2007.??.??"]

1. e4 g6 2. d4 Bg7 3. Nc3 d6 4. Be3 Nf6 5. Qd2 Nc6 6. d5 Ne5 7. f4 Neg4 8. Bd4
e5 9. dxe6 Bxe6 10. Nf3 Nh5 11. Bxg7 Nxg7 12. h3 Nf6 13. O-O-O h5 14. Qd4 O-O
15. g3 a6 16. Bg2 Rb8 17. Ng5 Nh7 18. Nxh7 Kxh7 19. g4 f5 20. gxf5 gxf5 21.
Rhg1 Qf6 22. e5 dxe5 23. fxe5 Qh6+ 24. Kb1 Rf7 25. Qa7 Re8 26. Bxb7 Bc4 27. Qc5
Qf4 28. b3 Bb5 29. Nxb5 axb5 30. Qc6 Rfe7 31. Qg6+ Kh8 32. Bc6 Rb8 33. Rg5 Qxe5
34. Qh6+ Kg8 35. Bd5+ Rf7 36. Bxf7+ Kxf7 37. Rxg7+ 1-0

[Event "?"]
[Site "?"]
[Date "2007.02.26"]
[Round "2.6"]
[White "Thiemann, Sebastian"]
[Black "Fischoeder, Heiko"]
[Result "1-0"]
[WhiteElo "1788"]
[BlackElo "1966"]
[PlyCount "55"]
[EventDate "2007.??.??"]

1. e4 e5 2. Nf3 Nf6 3. d4 Nxe4 4. Bd3 d5 5. Nxe5 Bd6 6. O-O O-O 7. c4 Bxe5 8.
dxe5 Nc6 9. cxd5 Qxd5 10. Re1 Rd8 11. Bc2 Qc5 12. Qe2 Nd4 13. Qxe4 Nxc2 14. Be3
Qc6 15. Qh4 Bh3 16. Qxh3 Nxe1 17. Nc3 Nc2 18. Rc1 Rd3 19. Qf5 Rad8 20. Bg5 R8d7
21. h4 Nb4 22. a3 Na6 23. Ne4 Rd1+ 24. Rxd1 Rxd1+ 25. Kh2 Qe6 26. Qf4 h6 27.
Nf6+ gxf6 28. Bxf6 1-0

[Event "?"]
[Site "?"]
[Date "2007.02.26"]
[Round "2.9"]
[White "Wolff, Christoph"]
[Black "Wiesemann, Peter"]
[Result "1-0"]
[WhiteElo "2112"]
[BlackElo "1746"]
[PlyCount "47"]
[EventDate "2007.??.??"]

1. e4 g6 2. d4 Bg7 3. Nc3 d6 4. Be3 Nd7 5. Qd2 e5 6. Bc4 Ngf6 7. f3 O-O 8.
O-O-O a6 9. g4 b5 10. Bb3 Bb7 11. dxe5 Nxe5 12. Qe2 c5 13. Bxc5 Ne8 14. Bd4 Rc8
15. h4 Nc4 16. Bxg7 Kxg7 17. Nh3 Qa5 18. h5 Nxb2 19. Kxb2 Qxc3+ 20. Kb1 f5 21.
exf5 Rc7 22. Rd3 Qf6 23. hxg6 hxg6 24. Nf4 1-0

[Event "?"]
[Site "?"]
[Date "2007.02.26"]
[Round "2.10"]
[White "Janke, Anatoli"]
[Black "Vlatten, Andre"]
[Result "0-1"]
[WhiteElo "1800"]
[BlackElo "2056"]
[PlyCount "101"]
[EventDate "2007.??.??"]

1. g3 Nf6 2. Bg2 g6 3. c4 Bg7 4. Nc3 O-O 5. Nf3 Nc6 6. O-O e5 7. d3 d6 8. Bg5
h6 9. Bd2 Ne7 10. Qc1 Kh7 11. a4 Ne8 12. b4 f5 13. Ra3 Nf6 14. Rd1 Nh5 15. e3
g5 16. d4 Ng6 17. dxe5 dxe5 18. Be1 Qe7 19. Nd5 Qf7 20. b5 Be6 21. Bb4 Rfd8 22.
e4 f4 23. Rad3 Rd7 24. Ba3 Rad8 25. Bf1 c6 26. bxc6 bxc6 27. Nb4 Rxd3 28. Nxd3
fxg3 29. Be2 Nhf4 30. Nxf4 Nxf4 31. Qc2 Rxd1+ 32. Bxd1 gxf2+ 33. Kxf2 Bxc4 34.
Qd2 Bd3 35. Bd6 Qe6 36. Qb4 a5 37. Qb8 Bxe4 38. Ke3 Bg6 39. Bb3 Nd5+ 40. Kd2
Qf5 41. Nxe5 Qf4+ 42. Ke1 Qe3+ 43. Kf1 Qd2 44. Bxd5 cxd5 45. Nxg6 Qd3+ 46. Kg2
Qxg6 47. Qc7 Qe4+ 48. Kf1 Qxa4 49. Qf7 Qe4 50. h4 g4 51. Kg1 0-1

[Event "?"]
[Site "?"]
[Date "2007.02.26"]
[Round "2.11"]
[White "Renk, Christoph"]
[Black "Reinholz, Benjamin"]
[Result "0-1"]
[WhiteElo "1817"]
[BlackElo "1729"]
[PlyCount "56"]
[EventDate "2007.??.??"]

1. d4 d5 2. Nf3 Nf6 3. c4 dxc4 4. g3 Bf5 5. Bg2 e6 6. O-O Be7 7. Nbd2 O-O 8.
Nh4 c6 9. Nxf5 exf5 10. Nxc4 Nbd7 11. a3 Nb6 12. Na5 Rb8 13. Qc2 Nbd5 14. b4 g6
15. e3 Re8 16. f3 Bf8 17. Qf2 Qc7 18. Nc4 Bh6 19. Ne5 Nd7 20. Nxd7 Qxd7 21. e4
Bxc1 22. Raxc1 Nc7 23. d5 cxd5 24. exf5 d4 25. Rfd1 Nb5 26. a4 Na3 27. Qxd4
Re1+ 28. Bf1 Qxd4+ 0-1

[Event "?"]
[Site "?"]
[Date "2007.02.26"]
[Round "2.14"]
[White "Wachovius, Hans-Werner"]
[Black "Göldenboog, Jürgen"]
[Result "1/2-1/2"]
[WhiteElo "2021"]
[BlackElo "2016"]
[PlyCount "67"]
[EventDate "2007.??.??"]

1. d4 d5 2. Nf3 g6 3. c3 Bg7 4. e3 Nf6 5. Bd3 Bf5 6. Qc2 Qc8 7. Nbd2 c5 8. Bxf5
gxf5 9. dxc5 Ne4 10. Nxe4 fxe4 11. Nd4 Qxc5 12. O-O Nc6 13. Nxc6 Qxc6 14. f3
Be5 15. fxe4 dxe4 16. Bd2 f6 17. Rac1 O-O-O 18. Be1 Rd3 19. Bf2 Rhd8 20. Rfd1
Bxh2+ 21. Kxh2 Qd6+ 22. Bg3 Qc5 23. Re1 Qh5+ 24. Kg1 Qg6 25. Qf2 Rd2 26. Qf4 e5
27. Qh4 Rxb2 28. Qh3+ Kc7 29. Rcd1 Rd3 30. Bf2 Rxa2 31. Qe6 Ra6 32. Qe7+ Kc8
33. Qf8+ Kc7 34. Qe7+ 1/2-1/2

[Event "?"]
[Site "?"]
[Date "2007.02.26"]
[Round "2.17"]
[White "Diekhans, Christoph"]
[Black "Bittner, Reinhardt"]
[Result "1-0"]
[WhiteElo "1572"]
[BlackElo "1390"]
[PlyCount "51"]
[EventDate "2007.??.??"]

1. Nf3 d5 2. b3 Nf6 3. Bb2 e6 4. e3 c5 5. c4 Be7 6. Be2 O-O 7. O-O Nc6 8. d4 b6
9. Nc3 Re8 10. dxc5 Bxc5 11. cxd5 exd5 12. Bb5 Bb7 13. Na4 Be7 14. Rc1 Rc8 15.
Nd4 Nxd4 16. Bxe8 Rxc1 17. Bxc1 Qxe8 18. Qxd4 Qc6 19. Bb2 Nh5 20. Rc1 Qg6 21.
Qe5 Bd6 22. Qe8+ Bf8 23. Ba3 h6 24. Qxf8+ Kh7 25. Qe7 Bc6 26. Qd6 1-0

[Event "?"]
[Site "?"]
[Date "2007.02.26"]
[Round "2.18"]
[White "Talarski, Joachim"]
[Black "Diekhans, Georg"]
[Result "1-0"]
[WhiteElo "1686"]
[BlackElo "1329"]
[PlyCount "43"]
[EventDate "2007.??.??"]

1. e4 e5 2. Bc4 d6 3. d4 Be7 4. Nf3 Bg4 5. dxe5 Nc6 6. exd6 Qxd6 7. O-O Qxd1 8.
Rxd1 Bxf3 9. gxf3 Ne5 10. Be2 c6 11. Be3 h6 12. f4 Nd7 13. Nc3 h5 14. Bd4 f6
15. Bc4 Nh6 16. Be6 Nf8 17. Bb3 Nf7 18. e5 h4 19. exf6 gxf6 20. Re1 Rg8+ 21.
Kf1 Nh7 22. Bc5 1-0

[Event "?"]
[Site "?"]
[Date "2007.02.26"]
[Round "2.19"]
[White "Krügersen, Andreas"]
[Black "Werner, Lutz"]
[Result "0-1"]
[WhiteElo "1340"]
[BlackElo "1644"]
[PlyCount "40"]
[EventDate "2007.??.??"]

1. d4 Nf6 2. Nf3 c5 3. c4 a6 4. e3 e6 5. Nc3 d5 6. cxd5 exd5 7. b3 cxd4 8. Nxd4
Bb4 9. Bb2 Qa5 10. Qc1 Ne4 11. Nde2 O-O 12. f3 Nxc3 13. Nxc3 Be6 14. a3 Be7 15.
b4 Qb6 16. Bd3 Nd7 17. O-O Rac8 18. Qd2 Bf6 19. Ne2 Bxb2 20. Qxb2 Qxe3+ 0-1

[Event "?"]
[Site "?"]
[Date "2007.02.26"]
[Round "2.21"]
[White "Nadolny, Gregor"]
[Black "Ponto, Michael"]
[Result "0-1"]
[WhiteElo "1313"]
[BlackElo "1566"]
[PlyCount "100"]
[EventDate "2007.??.??"]

1. e4 d5 2. exd5 Nf6 3. Bb5+ Bd7 4. Bxd7+ Qxd7 5. c4 c6 6. dxc6 Nxc6 7. Nc3 e5
8. d3 Rd8 9. Nf3 Qxd3 10. Qxd3 Rxd3 11. O-O Bc5 12. Re1 Ng4 13. Ne4 Bb4 14. Re2
Rd1+ 15. Ne1 Rxe1+ 16. Rxe1 Bxe1 17. h3 Nf6 18. Nd6+ Kd7 19. Nxb7 Bb4 20. Be3
Kc7 21. Nc5 Bxc5 22. Bxc5 Rd8 23. b4 a6 24. a4 Ne4 25. Be3 Nxb4 26. f3 Rd3 27.
fxe4 Rxe3 28. Rb1 a5 29. Rf1 f6 30. Rc1 Rxe4 31. Kh2 Kc6 32. Kg3 Kc5 33. Kf3
Rxc4 34. Rxc4+ Kxc4 35. Ke4 Nc6 36. g4 Nd4 37. h4 Kb4 38. g5 Kxa4 39. gxf6 gxf6
40. h5 Kb3 41. h6 a4 42. Kd3 Kb2 43. Kd2 a3 44. Kd1 a2 45. Kd2 a1=Q 46. Ke3 Kc3
47. Kf2 Kd3 48. Kg2 Ke3 49. Kg3 Qg1+ 50. Kh4 Kf4 0-1

[Event "?"]
[Site "?"]
[Date "2007.02.26"]
[Round "2.25"]
[White "Effenberg, Michael"]
[Black "Rubach, Martin"]
[Result "1-0"]
[WhiteElo "953"]
[BlackElo "1516"]
[PlyCount "43"]
[EventDate "2007.??.??"]

1. d4 d5 2. c4 e6 3. Nc3 Bb4 4. e3 Nf6 5. Nf3 O-O 6. Bd2 b6 7. Qc2 Ba6 8. b3
Ba3 9. Bd3 Nc6 10. Nb5 Bb4 11. O-O Bxd2 12. Qxd2 Bb7 13. a3 a6 14. Nc3 Na5 15.
Qc2 Re8 16. cxd5 exd5 17. b4 Nc4 18. e4 g6 19. exd5 Bxd5 20. Nxd5 Nxa3 21.
Nxf6+ Qxf6 22. Rxa3 1-0